000 00463nam a2200193Ia 4500
005 20240823014526.0
008 240823s9999||||xx |||||||||||||| ||und||
020 _a81-203-2145-6
041 _aENGLISH
082 _A006.7 P3
100 _aRao K R [et al]
245 0 _aMultimedia Communication Systems
250 _a1st
260 _c2003
_b"PHI,New D"
500 _aYES
650 _aMultimedia
_bInformation Technology
942 _cBK
999 _c170286
_d170286